| 000 | 00968nab a2200217 i 4500 | ||
|---|---|---|---|
| 001 | 768714001 | ||
| 003 | CO-MdFUSB | ||
| 005 | 20240426085540.0 | ||
| 008 | 240425t1981 us ||||| |||| 00| 0 eng d | ||
| 040 |
_bspa _cCO-MdFUSB _dCO-MdFUSB |
||
| 041 | _aeng | ||
| 100 |
_aValeriano, Pat, _eautor |
||
| 245 |
_aA survey of ministers' wives _c/ Pat valeriano |
||
| 300 |
_aVolumen 2, número 4 (fall, 1981), páginas: 64 - 73 _c; 27 cm |
||
| 520 | _aUna encuesta entre las esposas de los ministros. Este artículo nos habla de las alegrías y luchas, plenitud y soledad. Parte del equipo, pero abandonado en la esquina. ¿Cómo se ven a sí mismas las esposas de los ministros en los ministerios de sus maridos? | ||
| 546 | _aTexto en inglés. | ||
| 650 | 0 |
_aFamilias _9292 |
|
| 653 | _aEsposas de los pastores | ||
| 773 | 0 |
_068780 _982550 _oR2484 _tLeadership : _w(CO-MdFUSB)768714001 _gVolumen 2, número 4 (fall, 1981), páginas: 64 - 73 _qpágina: 64 |
|
| 942 | _cANA | ||
| 999 |
_c69394 _d69394 |
||